Chanteurs par Pays - Statistiques

Statistiques générales
  • Ce quiz a été pris 437 fois
    431 depuis la dernière actualisation
  • Le résultat moyen est 11 sur 20
Statistiques - réponses
Chanteur/Chanteuse Pays % Correct
The Beatles Royaume-Uni
92%
Eminem États-Unis
87%
Booba France
87%
BTS Corée du Sud
85%
Justin Bieber Canada
83%
Shakira Colombie
71%
Bob Marley Jamaïque
71%
Enrique Iglesias Espagne
66%
Rihanna Barbade
54%
Maître Gims République Démocratique du Congo
49%
Sia Australie
48%
U2 Irlande
47%
Zaho Algérie
42%
Bjork Islande
38%
Carlos Santana Mexique
32%
Youssou N‘Dour Sénégal
28%
Kraftwerk Allemagne
26%
a-Ha Norvège
23%
Kishore Kumar Inde
17%
Gotye Belgique
16%
Aucun quiz correspondant
Distribution des résultats
% des personnes avec chaque résultat
Percentile par nombre de réponses
Votre historique - résultats
Vous n’avez pas pris ce quiz depuis la dernière actualisation